LEADER 05189nam 22008895 450 001 996465924803316 005 20200630171846.0 010 $a3-642-24028-3 024 7 $a10.1007/978-3-642-24028-7 035 $a(CKB)2550000000054390 035 $a(SSID)ssj0000609112 035 $a(PQKBManifestationID)11379206 035 $a(PQKBTitleCode)TC0000609112 035 $a(PQKBWorkID)10609163 035 $a(PQKB)11532042 035 $a(DE-He213)978-3-642-24028-7 035 $a(MiAaPQ)EBC3067332 035 $a(PPN)156319683 035 $a(EXLCZ)992550000000054390 100 $a20110923d2011 u| 0 101 0 $aeng 135 $aurnn|008mamaa 181 $ctxt 182 $cc 183 $acr 200 10$aAdvances in Visual Computing$b[electronic resource] $e7th International Symposium, ISVC 2011, Las Vegas, NV, USA, September 26-28, 2011. Proceedings, Part I /$fedited by George Bebis, Richard Boyle, Bahram Parvin, Darko Koracin, Song Wang, Kim Kyungnam, Bedrich Benes, Kenneth Moreland, Christoph Borst, Stephen DiVerdi, Chiang Yi-Jen, Jiang Ming 205 $a1st ed. 2011. 210 1$aBerlin, Heidelberg :$cSpringer Berlin Heidelberg :$cImprint: Springer,$d2011. 215 $a1 online resource (XXXIX, 783 p.) 225 1 $aImage Processing, Computer Vision, Pattern Recognition, and Graphics ;$v6938 300 $aBibliographic Level Mode of Issuance: Monograph 311 $a3-642-24027-5 320 $aIncludes bibliographical references and index. 330 $aThe two volume set LNCS 6938 and LNCS 6939 constitutes the refereed proceedings of the 7th International Symposium on Visual Computing, ISVC 2011, held in Las Vegas, NV, USA, in September 2011. The 68 revised full papers and 46 poster papers presented together with 30 papers in the special tracks were carefully reviewed and selected from more than 240 submissions. The papers of part I (LNCS 6938) are organized in computational bioimaging, computer graphics, motion and tracking, segmentation, visualization; mapping modeling and surface reconstruction, biomedical imaging, computer graphics, interactive visualization in novel and heterogeneous display environments, object detection and recognition. Part II (LNCS 6939) comprises topics such as immersive visualization, applications, object detection and recognition, virtual reality, and best practices in teaching visual computing. 410 0$aImage Processing, Computer Vision, Pattern Recognition, and Graphics ;$v6938 606 $aPattern recognition 606 $aComputer graphics 606 $aOptical data processing 606 $aUser interfaces (Computer systems) 606 $aApplication software 606 $aBioinformatics 606 $aPattern Recognition$3https://scigraph.springernature.com/ontologies/product-market-codes/I2203X 606 $aComputer Graphics$3https://scigraph.springernature.com/ontologies/product-market-codes/I22013 606 $aImage Processing and Computer Vision$3https://scigraph.springernature.com/ontologies/product-market-codes/I22021 606 $aUser Interfaces and Human Computer Interaction$3https://scigraph.springernature.com/ontologies/product-market-codes/I18067 606 $aInformation Systems Applications (incl. Internet)$3https://scigraph.springernature.com/ontologies/product-market-codes/I18040 606 $aComputational Biology/Bioinformatics$3https://scigraph.springernature.com/ontologies/product-market-codes/I23050 615 0$aPattern recognition. 615 0$aComputer graphics. 615 0$aOptical data processing. 615 0$aUser interfaces (Computer systems). 615 0$aApplication software. 615 0$aBioinformatics. 615 14$aPattern Recognition. 615 24$aComputer Graphics. 615 24$aImage Processing and Computer Vision. 615 24$aUser Interfaces and Human Computer Interaction. 615 24$aInformation Systems Applications (incl. Internet). 615 24$aComputational Biology/Bioinformatics. 676 $a006.4 702 $aBebis$b George$4edt$4http://id.loc.gov/vocabulary/relators/edt 702 $aBoyle$b Richard$4edt$4http://id.loc.gov/vocabulary/relators/edt 702 $aParvin$b Bahram$4edt$4http://id.loc.gov/vocabulary/relators/edt 702 $aKoracin$b Darko$4edt$4http://id.loc.gov/vocabulary/relators/edt 702 $aWang$b Song$4edt$4http://id.loc.gov/vocabulary/relators/edt 702 $aKyungnam$b Kim$4edt$4http://id.loc.gov/vocabulary/relators/edt 702 $aBenes$b Bedrich$4edt$4http://id.loc.gov/vocabulary/relators/edt 702 $aMoreland$b Kenneth$4edt$4http://id.loc.gov/vocabulary/relators/edt 702 $aBorst$b Christoph$4edt$4http://id.loc.gov/vocabulary/relators/edt 702 $aDiVerdi$b Stephen$4edt$4http://id.loc.gov/vocabulary/relators/edt 702 $aYi-Jen$b Chiang$4edt$4http://id.loc.gov/vocabulary/relators/edt 702 $aMing$b Jiang$4edt$4http://id.loc.gov/vocabulary/relators/edt 712 12$aInternational Symposium on Visual Computing 906 $aBOOK 912 $a996465924803316 996 $aAdvances in Visual Computing$9772261 997 $aUNISA LEADER 04297nam 22005775 450 001 9910373900703321 005 20251230065340.0 010 $a3-030-37618-4 024 7 $a10.1007/978-3-030-37618-5 035 $a(CKB)4900000000505123 035 $a(DE-He213)978-3-030-37618-5 035 $a(MiAaPQ)EBC6005645 035 $a(PPN)24284667X 035 $a(EXLCZ)994900000000505123 100 $a20200103d2020 u| 0 101 0 $aeng 135 $aurnn|008mamaa 181 $ctxt$2rdacontent 182 $cc$2rdamedia 183 $acr$2rdacarrier 200 10$aIntegrated Computer Technologies in Mechanical Engineering $eSynergetic Engineering /$fedited by Mykola Nechyporuk, Vladimir Pavlikov, Dmitriy Kritskiy 205 $a1st ed. 2020. 210 1$aCham :$cSpringer International Publishing :$cImprint: Springer,$d2020. 215 $a1 online resource (IX, 553 p. 294 illus., 175 illus. in color.) 225 1 $aAdvances in Intelligent Systems and Computing,$x2194-5365 ;$v1113 300 $aIncludes index. 311 08$a3-030-37617-6 330 $aThis book presents the proceedings of the 2019 International Scientific and Technical Conference ?Integrated Computer Technologies in Mechanical Engineering? ? Synergetic Engineering (ICTM? 2019). The ICTM was established by the National Aerospace University ?Kharkiv Aviation Institute? to bring together outstanding researchers and practitioners in the fields of information technology in the design and manufacture of engines, creation of rocket space systems, and aerospace engineering from around the globe all to share their knowledge and expertise. The ICTM?2019 conference was held in Kharkiv, Ukraine, on November 28?30, 2019. During the event, technical exchanges between the research communities took place in the form of keynote speeches, panel discussions, and special sessions. In addition, participants had the opportunity to forge new collaborations with their fellow researchers. ICTM?2019 received 172 submissions from various countries. This book features selected papersoffering insights into the following topics: Information technology in the design and manufacture of engines; Information technology in the creation of rocket space systems; Aerospace engineering; Transport systems and logistics; Big data and data science; Nano-modeling; Artificial intelligence and smart systems; Networks and communication; Cyber-physical system and IoE; Software Engineering and IT-infrastructure. The organizers of ICTM 2019 made great efforts to ensure the success of this conference. The authors would like to thank all the members of the ICTM?2019 Advisory Committee for their guidance and advice, the members of Program Committee and Organizing Committee, the referees for their time and effort in reviewing and soliciting the papers, and the authors for their contributions to the formation of a common intellectual environment for solving relevant scientific problems. Also, the authors are grateful to Springer, especially Janusz Kacprzyk and Thomas Ditzinger as the editors responsible for the series ?Advances in Intelligent System and Computing? for their valuable support in publishing these selected papers. 410 0$aAdvances in Intelligent Systems and Computing,$x2194-5365 ;$v1113 606 $aEngineering mathematics 606 $aEngineering$xData processing 606 $aMechanical engineering 606 $aMathematical and Computational Engineering Applications 606 $aMechanical Engineering 615 0$aEngineering mathematics. 615 0$aEngineering$xData processing. 615 0$aMechanical engineering. 615 14$aMathematical and Computational Engineering Applications. 615 24$aMechanical Engineering. 676 $a001.64 676 $a621 702 $aNechyporuk$b Mykola$4edt$4http://id.loc.gov/vocabulary/relators/edt 702 $aPavlikov$b Vladimir$4edt$4http://id.loc.gov/vocabulary/relators/edt 702 $aKritskiy$b Dmitriy$4edt$4http://id.loc.gov/vocabulary/relators/edt 801 0$bMiAaPQ 801 1$bMiAaPQ 801 2$bMiAaPQ 906 $aBOOK 912 $a9910373900703321 996 $aIntegrated Computer Technologies in Mechanical Engineering$91995496 997 $aUNINA